| 000 | 00937cam a2200277 4500 | ||
|---|---|---|---|
| 001 | 9051 | ||
| 003 | BD-RjUL | ||
| 005 | 20211208234716.0 | ||
| 008 | 140120s1972 enka b 001 0 eng | ||
| 020 | _a0201037793 | ||
| 035 | _a(BD-RjUL)9096 | ||
| 040 |
_aDLC _cDLC _dDLC _dBD-RjUL _beng |
||
| 041 | _aeng | ||
| 082 | 0 | 0 |
_a540 _bKNC 1981 _223 |
| 100 | 1 |
_aKneen, W. R. _q(William Ross) _928096 |
|
| 245 | 1 | 0 |
_aChemistry : _bfacts, patterns, and principles / _cW. R. Kneen, M. J. W. Rogers and P. Simpson; contributing editors [others]. |
| 260 |
_aLondon : _bAddison-Wesley, _cc1972 [Reprint 1980, 1981] |
||
| 300 |
_axii, 861 p. : _billus. ; _c24 cm. |
||
| 350 | _a£4.80 | ||
| 504 | _aIncludes Bibliography: p. 820-822 and index. | ||
| 650 | 0 |
_aChemistry. _928097 |
|
| 700 | 1 |
_aRogers, Martin J. W., _ejoint author. _928098 |
|
| 700 | 1 |
_aSimpson, Peter, _d1934 August 7- _ejoint author. _928099 |
|
| 942 |
_2ddc _cBK |
||
| 999 |
_c9051 _d9051 |
||